| 000 | 01215nab a22002177a 4500 | ||
|---|---|---|---|
| 999 |
_c5457 _d5457 |
||
| 003 | OSt | ||
| 005 | 20251023130118.0 | ||
| 008 | 190603e xxum|||| |||| 00| 0 spa d | ||
| 040 | _cPJ | ||
| 100 |
_96050 _aWayar, Federico C. |
||
| 245 | 1 | 3 |
_aLa conexión entre el art. 1011 del Cód. Civ. y Com. (contrato de larga duración) y el modelo relacional de contrato / _cFederico C. Wayar. |
| 260 |
_cCiudad Autónoma de Buenos Aires : _aThomson Reuters La Ley, _b2025. |
||
| 300 | _ap. 217-225 | ||
| 500 | _aCita Online: TR LALEY AR/DOC/41/2025. | ||
| 505 | _aSumario: I. Una necesaria categorización.— II. El tiempo en la teoría clásica del contrato.— III. Distinción entre el contrato de duración de la teoría clásica contractual y los contratos de larga duración de la teoría relacional.— IV. La teoría relacional del contrato.— V. Conclusión. | ||
| 505 | _t¿Te interesa el texto completo? Solicitalo al correo: koha@justierradelfuego.gov.ar | ||
| 650 | 0 |
_91497 _aCODIGO CIVIL Y COMERCIAL |
|
| 650 | 0 |
_93463 _aCONTRATOS |
|
| 773 | 0 |
_02713 _93170 _dCiudad Autónoma de Buenos Aires : Thomson Reuters La Ley, 2015- _tRevista Código Civil y Comercial. Nº 2 - Abril 2025 |
|
| 942 |
_2udc _cANA |
||